Delhi (Record no. 5383)

000 -LEADER
fixed length control field 00384pab a2200145 454500
008 - FIXED-LENGTH DATA ELEMENTS--GENERAL INFORMATION
fixed length control field 180718b1983 xxu||||| |||| 00| 0 eng d
100 ## - MAIN ENTRY--PERSONAL NAME
Personal name Datta, Abhijit
245 ## - TITLE STATEMENT
Title Delhi
Remainder of title Two decades of plan implementation
260 ## - PUBLICATION, DISTRIBUTION, ETC.
Date of publication, distribution, etc. 1983
300 ## - PHYSICAL DESCRIPTION
Extent 37-45
650 ## - SUBJECT ADDED ENTRY--TOPICAL TERM
Topical term or geographic name entry element Cities and Towns - Growth - India - Delhi
700 ## - ADDED ENTRY--PERSONAL NAME
Personal name Gangadhar Jha
773 ## - HOST ITEM ENTRY
Main entry heading Habitat International
909 ## -
-- 5383
Holdings
Withdrawn status Lost status Damaged status Not for loan Permanent Location Current Location Date acquired Serial Enumeration / chronology Barcode Date last seen Price effective from Koha item type
        Indian Institute of Public Administration Indian Institute of Public Administration 2018-07-19 Volume no: 7, Issue no: 1-2 AR5389 2018-07-19 2018-07-19 Articles

Powered by Koha